000 01561nam a2200313 a 4500
001 BRCA_3272
005 20190320204210.0
008 130309s1840----enka---###---#000-0#eng-#
041 _aeng
044 _aenk
084 _a573
_b.W56
_c1840
100 1 _aCervantes Saavedra, Miguel de
_d1547-1616
_9213
245 1 0 _aThe Life and Exploits of Don Quixote de la Mancha
_cTranslated from the Original Spanish of Miguel de Cervantes Saavedra by Charles Jarvis.
260 _aLondres
_bJ. and B. Williams
_c1840
300 _a4 v.
_bil.
_c13 cm.
500 _aContenido : v.1. Primera parte. Prólogo del autor a la segunda parte. Prefacio del traductor. Vida de Cervantes extractada de la escrita por Mayáns. Prólogo del autor a la primera parte. -- v.2. Texto. -- v.3. Segunda parte. Texto. -- v.4. Texto
500 _aReproducción de la traducción de Jarvis, publicada en 1828, por los mismos editores, con la Vida de Cervantes, extractada de la escrita por Mayáns. Edición económica con tipos pequeños. Tela Lúdovik Osterc
500 _aEstado físico : Anotaciones manuscritas en la guarda
500 _aQM448
546 _aTexto en : inglés
650 1 4 _aNovela española
_yÉpoca clásica, 1500-1700
_9215
650 1 4 _aLiteratura española
_yÉpoca clásica, 1500-1700
_9216
650 1 4 _aNovela española
_ySiglo XVII
_9217
650 1 4 _aDon Quijote (Personaje ficticio)
_eNovela
_9218
700 1 _aJarvis, Charles
_d?-1739
_eTraductor
_98692
740 0 _aEl Ingenioso Hidalgo Don Quijote de la Mancha
902 _aQFM
942 _2lcc
_cB
999 _c3008
_d3008